A comparative study on the performance of RRII 105 under high and low density planting in Chirayinkeezh Taluk (Record no. 52469)

MARC details
000 -LEADER
fixed length control field 00503nam a2200133Ia 4500
100 ## - MAIN ENTRY--AUTHOR NAME
Personal name Hameed A.A.
245 #2 - TITLE STATEMENT
Title A comparative study on the performance of RRII 105 under high and low density planting in Chirayinkeezh Taluk
260 ## - PUBLICATION, DISTRIBUTION, ETC. (IMPRINT)
Name of publisher Dissertation, PG Diploma in Natural Rubber Production, Kerala Agricultural University, Trichur, India, 38 p.
Year of publication 1996
650 ## - SUBJECT ADDED ENTRY--TOPICAL TERM
Topical Term Clone evaluation
650 ## - SUBJECT ADDED ENTRY--TOPICAL TERM
Topical Term Planting density
650 ## - SUBJECT ADDED ENTRY--TOPICAL TERM
Topical Term RRII 105
942 ## - ADDED ENTRY ELEMENTS (KOHA)
Koha item type Bibliography STAF
Holdings
Withdrawn status Lost status Damaged status Not for loan Home library Current library Date acquired Koha item type
      Bibliography RRII Library RRII Library 09/04/2014 Bibliography STAF